[Event "Titled Tue 20th May Early"]
[Site "chess.com INT"]
[Date "2025.05.20"]
[Round "10"]
[White "Yonal, Timur"]
[Black "Bold, Andre"]
[Result "1-0"]
[WhiteTitle "FM"]
[BlackTitle "CM"]
[WhiteElo "2249"]
[BlackElo "2235"]
[WhiteFideId "44115725"]
[BlackFideId "16208471"]
[EventDate "2025.05.20"]

1. e4 c5 2. Nf3 Nc6 3. d4 cxd4 4. Nxd4 e5 5. Nb5 a6 6. Nd6+ Bxd6 7. Qxd6 Qf6 8.
Qxf6 Nxf6 9. Nc3 Nb4 10. Bd3 Nxd3+ 11. cxd3 d6 12. Bg5 Be6 13. Bxf6 gxf6 14. Kd2
Rg8 15. g3 Rc8 16. Rac1 Kd7 17. b3 h5 18. Na4 Rc6 19. h4 Rgc8 20. Nb2 b5 21.
Rxc6 Rxc6 22. Rc1 f5 23. Rxc6 Kxc6 24. f3 Kc5 25. Nd1 Kb4 26. Kc2 Ka3 27. Kb1
fxe4 28. fxe4 f5 29. Ne3 Kb4 30. exf5 Bf7 31. Kb2 Kc5 32. g4 hxg4 33. Nxg4 Kd4
34. Nh6 Bd5 35. f6 Kxd3 36. f7 Bxf7 37. Nxf7 e4 38. Ng5 e3 39. h5 e2 40. Nf3 Ke3
41. Ne1 d5 42. h6 d4 43. h7 d3 44. h8=Q d2 45. Qh6+ 1-0

[Event "Titled Tue 20th May Early"]
[Site "chess.com INT"]
[Date "2025.05.20"]
[Round "10"]
[White "Brancaleoni, Maurizio"]
[Black "Dovgaliuk, Oleksandr"]
[Result "1-0"]
[WhiteTitle "FM"]
[WhiteElo "2185"]
[BlackElo "2240"]
[WhiteFideId "803022"]
[BlackFideId "14167247"]
[EventDate "2025.05.20"]

1. Nf3 Nf6 2. c4 g6 3. b3 Bg7 4. Bb2 O-O 5. g3 c6 6. Bg2 d5 7. O-O a5 8. Nc3 Ne4
9. Na4 b5 10. Bxg7 Kxg7 11. cxb5 cxb5 12. Nc3 Nxc3 13. dxc3 e6 14. Nd4 Qb6 15.
e4 dxe4 16. Bxe4 Bb7 17. Qf3 Bxe4 18. Qxe4 Nd7 19. Rfd1 Nf6 20. Qe5 b4 21. c4
Rfc8 22. Nb5 Rc5 23. Qb2 a4 24. Rac1 axb3 25. axb3 h5 26. Nd6 Rf5 27. Nxf5+ exf5
28. c5 Qc6 29. Rd6 Qf3 30. Qxf6+ 1-0

[Event "Titled Tue 20th May Early"]
[Site "chess.com INT"]
[Date "2025.05.20"]
[Round "10"]
[White "Ghoreishi Amiri, Seyed Kian"]
[Black "Dambaev, Dashi"]
[Result "1-0"]
[WhiteTitle "CM"]
[BlackTitle "CM"]
[WhiteElo "2215"]
[BlackElo "2211"]
[WhiteFideId "36757527"]
[BlackFideId "55628494"]
[EventDate "2025.05.20"]

1. Nf3 Nf6 2. g3 g6 3. Bg2 Bg7 4. c4 O-O 5. O-O c5 6. d4 d6 7. dxc5 dxc5 8. Qxd8
Rxd8 9. Nc3 Nc6 10. Be3 b6 11. Ne5 Nxe5 12. Bxa8 Nxc4 13. Rad1 Rf8 14. Bc1 h5
15. Bg2 Bg4 16. h3 Bf5 17. b3 Nd6 18. Nd5 Nxd5 19. Rxd5 Nb5 20. e4 Be6 21. Rd2
h4 22. gxh4 Nd4 23. Bb2 a5 24. Rfd1 a4 25. bxa4 Bxa2 26. Bxd4 Bb3 27. Bxg7 1-0

[Event "Titled Tue 20th May Early"]
[Site "chess.com INT"]
[Date "2025.05.20"]
[Round "10"]
[White "Sarveshwaran V"]
[Black "Khoo-Thwe, Louis"]
[Result "0-1"]
[WhiteTitle "CM"]
[WhiteElo "2290"]
[BlackElo "2214"]
[WhiteFideId "25699016"]
[BlackFideId "1538756"]
[EventDate "2025.05.20"]

1. d3 e5 2. Nd2 Nf6 3. Ngf3 Nc6 4. g3 d5 5. Bg2 e4 6. O-O exf3 7. exf3 Be7 8.
Re1 O-O 9. c3 Bf5 10. d4 Qd7 11. g4 Bg6 12. h4 h6 13. Nf1 Rfe8 14. Ng3 Bd6 15.
Be3 Bxg3 16. fxg3 Re7 17. Qd2 h5 18. g5 Nh7 19. Kh2 Rae8 20. Bf4 Rxe1 21. Rxe1
Rxe1 22. Qxe1 Nf8 23. Bh3 Bf5 24. Bf1 Qe6 25. Qf2 Ng6 26. Bd2 Qd6 27. Kg1 b6 28.
Be1 Nd8 29. Be2 c5 30. g4 hxg4 31. fxg4 Be4 32. Bd2 Ne6 33. dxc5 bxc5 34. h5
Ngf4 35. Bf1 d4 36. cxd4 Qxd4 37. Be3 Qe5 38. g6 fxg6 39. hxg6 Nxg6 40. Bc4 Bd5
41. Bd3 Ngf4 42. Bf1 Qe4 43. Kh2 Qh1+ 44. Kg3 g5 45. b3 Qh4# 0-1

[Event "Titled Tue 20th May Early"]
[Site "chess.com INT"]
[Date "2025.05.20"]
[Round "10"]
[White "Tsydypov, Zhamsaran"]
[Black "Gholami Orimi, Mahdi"]
[Result "1-0"]
[WhiteTitle "GM"]
[BlackTitle "GM"]
[WhiteElo "2514"]
[BlackElo "2511"]
[WhiteFideId "4108566"]
[BlackFideId "12558486"]
[EventDate "2025.05.20"]

1. d4 g6 2. Nf3 Bg7 3. c4 c5 4. g3 cxd4 5. Nxd4 Nc6 6. Nc2 Nf6 7. Bg2 O-O 8. Nc3
d6 9. O-O Bd7 10. Ne3 a6 11. Rb1 Rc8 12. b3 Qa5 13. Bb2 b5 14. Ncd5 Nxd5 15.
cxd5 Ne5 16. h3 f5 17. f4 Qb6 18. Qd2 Nf7 19. Bxg7 Kxg7 20. Kh2 Rc7 21. g4 Rfc8
22. gxf5 Bxf5 23. Nxf5+ gxf5 24. Qd3 Kf6 25. Qg3 Rc3 26. Bf3 e5 27. Rg1 Ke7 28.
Qh4+ Ke8 29. Qf6 1-0

[Event "Titled Tue 20th May Early"]
[Site "chess.com INT"]
[Date "2025.05.20"]
[Round "10"]
[White "Gunawardhana, Devindya Oshini"]
[Black "Poormosavi, Seyed Kian"]
[Result "1-0"]
[WhiteTitle "WIM"]
[BlackTitle "IM"]
[WhiteElo "2068"]
[BlackElo "2379"]
[WhiteFideId "29941482"]
[BlackFideId "12585807"]
[EventDate "2025.05.20"]

1. Nf3 d5 2. g3 Nf6 3. Bg2 c6 4. O-O Bg4 5. d4 e6 6. c3 Nbd7 7. Nbd2 Bd6 8. h3
Bh5 9. Re1 O-O 10. e4 dxe4 11. Nxe4 Nxe4 12. Rxe4 e5 13. Re1 Qc7 14. g4 Bg6 15.
Be3 Rfe8 16. Nh4 Rad8 17. Nxg6 hxg6 18. Qb3 exd4 19. Bxd4 Ne5 20. Rad1 c5 21.
Bxe5 Bxe5 22. Qxb7 Rxd1 23. Rxd1 Qxb7 24. Bxb7 Rb8 25. Rd7 Kf8 26. b4 1-0

[Event "Titled Tue 20th May Early"]
[Site "chess.com INT"]
[Date "2025.05.20"]
[Round "10"]
[White "Gibala, Adam"]
[Black "Gkavardinas, Antonios"]
[Result "0-1"]
[WhiteTitle "CM"]
[BlackTitle "FM"]
[WhiteElo "2239"]
[BlackElo "2313"]
[WhiteFideId "21070288"]
[BlackFideId "25883097"]
[EventDate "2025.05.20"]

1. d4 d5 2. c4 e6 3. Nc3 dxc4 4. e4 Nf6 5. Bxc4 a6 6. a4 Bb4 7. Qd3 Nc6 8. Nf3
O-O 9. O-O Na5 10. Ba2 c5 11. e5 cxd4 12. Ne2 Nd5 13. Ng5 g6 14. Ne4 Nc6 15. Bg5
Be7 16. Bxe7 Qxe7 17. Bxd5 exd5 18. Nf6+ Kg7 19. f4 Bf5 20. Qxd4 Nxd4 0-1

[Event "Titled Tue 20th May Early"]
[Site "chess.com INT"]
[Date "2025.05.20"]
[Round "10"]
[White "Andreikin, Dmitry"]
[Black "Kosakowski, Jakub"]
[Result "1-0"]
[WhiteTitle "GM"]
[BlackTitle "GM"]
[WhiteElo "2695"]
[BlackElo "2530"]
[WhiteFideId "4158814"]
[BlackFideId "1185080"]
[EventDate "2025.05.20"]

1. d4 f5 2. Nf3 Nf6 3. Bg5 g6 4. Bxf6 exf6 5. e3 d5 6. c4 c6 7. Nc3 Be6 8. cxd5
cxd5 9. Qb3 Qd7 10. Bb5 Nc6 11. O-O a6 12. Bxc6 Qxc6 13. Rfc1 Rc8 14. Ne1 b5 15.
Nd3 Qd7 16. Nf4 Rc4 17. Nxe6 Qxe6 18. a4 Rb4 19. Qxd5 Qxd5 20. Nxd5 Rxb2 21.
axb5 axb5 22. Rc7 Ba3 23. Rc8+ Kd7 24. Rxh8 b4 25. Rxh7+ Kd6 26. Nxb4 Bxb4 27.
g3 f4 28. gxf4 Ke6 29. Rb7 Kf5 30. Kg2 1-0

[Event "Titled Tue 20th May Early"]
[Site "chess.com INT"]
[Date "2025.05.20"]
[Round "10"]
[White "Chen, Yidong"]
[Black "Thorhallsson, Simon"]
[Result "0-1"]
[BlackTitle "FM"]
[WhiteElo "2038"]
[BlackElo "2218"]
[WhiteFideId "8607028"]
[BlackFideId "2310090"]
[EventDate "2025.05.20"]

1. e4 g6 2. d4 Bg7 3. Nc3 d6 4. Be3 a6 5. a4 Nf6 6. f3 Nc6 7. Qd2 e5 8. d5 Nb4
9. Rc1 O-O 10. Bh6 Nxe4 11. Nxe4 Qh4+ 12. g3 Qxh6 13. c4 Qxd2+ 14. Nxd2 a5 15.
b3 b6 16. Kd1 f5 17. Nb1 Bd7 18. Nc3 Na6 19. Nh3 Nc5 20. Kc2 h6 21. Nf2 e4 22.
fxe4 fxe4 23. Nfd1 h5 24. Bg2 Rae8 25. Re1 Bh6 26. Rb1 e3 0-1

[Event "Titled Tue 20th May Early"]
[Site "chess.com INT"]
[Date "2025.05.20"]
[Round "10"]
[White "Ahmad, Khagan"]
[Black "Tari, Aryan"]
[Result "0-1"]
[WhiteTitle "IM"]
[BlackTitle "GM"]
[WhiteElo "2405"]
[BlackElo "2636"]
[WhiteFideId "13431552"]
[BlackFideId "1510045"]
[EventDate "2025.05.20"]

1. Nf3 Nf6 2. c4 c5 3. g3 Nc6 4. Bg2 d5 5. cxd5 Nxd5 6. Nc3 Nxc3 7. bxc3 e5 8.
d3 Be7 9. O-O O-O 10. Rb1 Qc7 11. Nd2 Be6 12. c4 f5 13. Bb2 Rad8 14. Bc3 b6 15.
Qa4 Nd4 16. Rfe1 f4 17. Be4 Bg5 18. Nf3 Bh6 19. Bxd4 exd4 20. Qc6 Qxc6 21. Bxc6
g5 22. Be4 g4 23. Ne5 Rf6 0-1

[Event "Titled Tue 20th May Early"]
[Site "chess.com INT"]
[Date "2025.05.20"]
[Round "10"]
[White "Swara Lakshmi S Nair"]
[Black "Mafra, Kaiser Luiz"]
[Result "1-0"]
[WhiteTitle "WCM"]
[BlackTitle "CM"]
[WhiteElo "2178"]
[BlackElo "2094"]
[WhiteFideId "25629239"]
[BlackFideId "2106698"]
[EventDate "2025.05.20"]

1. e4 c5 2. Nf3 d6 3. d4 cxd4 4. Qxd4 Bd7 5. Be2 Nc6 6. Qe3 g6 7. c4 Bg7 8. Nc3
Nf6 9. O-O O-O 10. h3 a6 11. Rb1 Rc8 12. b3 Qa5 13. Bb2 Rfd8 14. Rfd1 Nh5 15.
Nd5 Be6 16. Bxg7 Nxg7 17. Ng5 Qxa2 18. Ra1 Qb2 19. Rdb1 Qd4 20. Nxe7+ Kf8 21.
Nxc8 Qxe3 22. fxe3 Bxc8 23. Rf1 Ne5 24. Nxh7+ Ke7 25. Nf6 Ne6 26. Nd5+ Kf8 27.
Rf2 Bd7 28. Raf1 Be8 29. Nf4 Nc5 30. Bf3 Nxb3 31. Rb2 Ba4 32. Bd1 Nc5 33. Bxa4
Nxa4 34. Rxb7 Nc5 35. Rc7 Nxe4 36. Ne6+ 1-0

[Event "Titled Tue 20th May Early"]
[Site "chess.com INT"]
[Date "2025.05.20"]
[Round "10"]
[White "Nielsen-Refs, Karl-Emil Elmer"]
[Black "Teh, Wee Zhun"]
[Result "0-1"]
[WhiteTitle "CM"]
[BlackTitle "CM"]
[WhiteElo "2095"]
[BlackElo "2010"]
[WhiteFideId "1452797"]
[BlackFideId "5707277"]
[EventDate "2025.05.20"]

1. d4 d5 2. Nf3 Nf6 3. Bf4 c5 4. e3 Nc6 5. Nc3 cxd4 6. exd4 a6 7. Bd3 Bg4 8. Be5
e6 9. h3 Bxf3 10. Qxf3 Nxe5 11. dxe5 Nd7 12. Qg3 Qb6 13. Rb1 Qd4 14. O-O Qxe5
15. Qg4 h5 16. Qf3 Bd6 17. g3 h4 18. Rbe1 Qf6 19. Nxd5 Qxf3 0-1

[Event "Titled Tue 20th May Early"]
[Site "chess.com INT"]
[Date "2025.05.20"]
[Round "10"]
[White "Vingris, Mikelis"]
[Black "Danzer, George"]
[Result "1-0"]
[BlackTitle "CM"]
[WhiteElo "2102"]
[BlackElo "2172"]
[WhiteFideId "11611731"]
[BlackFideId "4659465"]
[EventDate "2025.05.20"]

1. e4 c5 2. Nf3 d6 3. d4 cxd4 4. Nxd4 Nf6 5. Bd3 e5 6. Ne2 h6 7. c4 Be7 8. Nbc3
O-O 9. O-O Nc6 10. h3 Nd7 11. Be3 Nc5 12. Nd5 Nxd3 13. Qxd3 f5 14. f3 Rf7 15.
Rad1 Bf8 16. Nec3 Be6 17. b4 b6 18. a3 Rc8 19. exf5 Bxf5 20. Ne4 Ne7 21. Ndc3
Ng6 22. Qd5 Qc7 23. Nb5 Qxc4 24. Qxc4 Rxc4 25. Nexd6 Rc2 26. Nxf7 Kxf7 27. Rc1
Re2 28. Rc7+ Kg8 29. Bf2 Nf4 30. Rd1 Bxh3 31. gxh3 Nxh3+ 32. Kg2 Nxf2 33. Rd8
Nd3+ 34. Kf1 Nf4 35. Rcc8 1-0

[Event "Titled Tue 20th May Early"]
[Site "chess.com INT"]
[Date "2025.05.20"]
[Round "10"]
[White "Kozlov, Oleg"]
[Black "Shevkunov, Vladyslav"]
[Result "1-0"]
[WhiteTitle "IM"]
[WhiteElo "2253"]
[BlackElo "2073"]
[WhiteFideId "4104544"]
[BlackFideId "30953448"]
[EventDate "2025.05.20"]

1. Nc3 c5 2. e4 e6 3. Nge2 Nc6 4. g3 d5 5. exd5 exd5 6. d4 Nf6 7. Bg2 cxd4 8.
Nxd4 Bg4 9. f3 Bd7 10. Be3 Bb4 11. O-O O-O 12. Nxc6 bxc6 13. Na4 c5 14. Nxc5 Bf5
15. c3 Qe7 16. Qd4 Ba5 17. b4 Bb6 18. Rfe1 Rfe8 19. Qd2 Qd6 20. Bd4 Rac8 21. a4
Nd7 22. Nxd7 Bxd7 23. a5 Bxd4+ 24. Qxd4 Rc4 25. Qxa7 Rxc3 26. Rxe8+ Bxe8 27. Qb6
Qxb6+ 28. axb6 Bc6 29. b5 Bb7 30. Ra7 Rc1+ 31. Bf1 h6 32. Rxb7 d4 33. Rd7 d3 1-0

[Event "Titled Tue 20th May Early"]
[Site "chess.com INT"]
[Date "2025.05.20"]
[Round "10"]
[White "Maycock Bates, David Henry"]
[Black "Bruhovich, Olexandr"]
[Result "1-0"]
[WhiteTitle "CM"]
[BlackTitle "CM"]
[WhiteElo "2274"]
[BlackElo "2208"]
[WhiteFideId "5142547"]
[BlackFideId "14119919"]
[EventDate "2025.05.20"]

1. d4 Nf6 2. Bg5 d5 3. Nd2 e6 4. e4 dxe4 5. Nxe4 Be7 6. Bxf6 Bxf6 7. Nf3 O-O 8.
Bd3 Nc6 9. c3 e5 10. d5 Nb8 11. h4 Bg4 12. Nxf6+ gxf6 13. Bxh7+ Kxh7 14. Ng5+
Kg6 15. Qd3+ Bf5 16. h5+ Kh6 17. Nxf7+ Rxf7 18. Qxf5 Rg7 19. O-O-O Rg5 20. Qe6
Qd6 21. f4 Rg3 22. fxe5 Qxe5 23. Qc8 Rxg2 24. Qh8+ 1-0

[Event "Titled Tue 20th May Early"]
[Site "chess.com INT"]
[Date "2025.05.20"]
[Round "10"]
[White "Klukin, Kirill"]
[Black "Karttunen, Mika"]
[Result "1-0"]
[WhiteTitle "IM"]
[BlackTitle "IM"]
[WhiteElo "2407"]
[BlackElo "2490"]
[WhiteFideId "24199273"]
[BlackFideId "502081"]
[EventDate "2025.05.20"]

1. d4 Nf6 2. Nf3 g6 3. e3 Bg7 4. Be2 O-O 5. O-O d6 6. c4 Nbd7 7. Nc3 b6 8. b3
Bb7 9. Bb2 h6 10. Qc2 a5 11. Rfd1 Qc8 12. Rac1 Re8 13. e4 e5 14. dxe5 dxe5 15.
Nd5 Nh7 16. Ba3 c5 17. Nc3 Nhf8 18. Bb2 Ne6 19. Nb5 Re7 20. Nd6 Qc7 21. Nxb7
Qxb7 22. Bf1 Nd4 23. Nxd4 exd4 24. g3 Rf8 25. Bg2 Qc7 26. Re1 g5 27. Rcd1 Be5
28. Bc1 Kg7 29. Rf1 g4 30. Qd2 Qd6 31. h3 gxh3 32. Bxh3 Nb8 33. f4 Qg6 34. fxe5
Qxg3+ 35. Qg2 Qxg2+ 36. Bxg2 Nc6 37. Bf4 Nxe5 38. Bxe5+ Rxe5 39. Rf4 f5 40. Rdf1
d3 41. exf5 Kf6 42. Rd1 Rd8 43. Rf2 Rxf5 44. Be4 Rxf2 45. Kxf2 Ke5 46. Ke3 Rd4
47. Bxd3 Rh4 48. Be2 Rh3+ 49. Bf3 1-0

[Event "Titled Tue 20th May Early"]
[Site "chess.com INT"]
[Date "2025.05.20"]
[Round "10"]
[White "Nguyen Thien Ngan"]
[Black "Yang, Kaiqi"]
[Result "0-1"]
[WhiteTitle "WIM"]
[BlackTitle "GM"]
[WhiteElo "1998"]
[BlackElo "2481"]
[WhiteFideId "12414816"]
[BlackFideId "8604398"]
[EventDate "2025.05.20"]

1. e4 c5 2. Nf3 d6 3. d4 cxd4 4. Nxd4 Nf6 5. Nc3 a6 6. Bg5 e6 7. f4 Be7 8. Qf3
Qc7 9. O-O-O Nbd7 10. Kb1 b5 11. e5 Bb7 12. Qh3 dxe5 13. fxe5 Qxe5 14. Bxf6 Nxf6
15. Ndxb5 axb5 16. Bxb5+ Kf8 17. Rhe1 Qc5 18. a4 h5 19. g4 Nxg4 20. Rg1 Kg8 21.
Rd7 Qxg1+ 22. Ka2 Bg2 23. Qg3 Bf6 24. h3 Bd5+ 0-1

[Event "Titled Tue 20th May Early"]
[Site "chess.com INT"]
[Date "2025.05.20"]
[Round "10"]
[White "Zmijanac, Dusko"]
[Black "Beniosev, Daniel"]
[Result "0-1"]
[WhiteTitle "FM"]
[BlackTitle "CM"]
[WhiteElo "1977"]
[BlackElo "2010"]
[WhiteFideId "908762"]
[BlackFideId "11632674"]
[EventDate "2025.05.20"]

1. d4 Nf6 2. Bg5 g6 3. Bxf6 exf6 4. e3 Bg7 5. g3 f5 6. Bg2 d5 7. Ne2 c6 8. O-O
O-O 9. Nd2 Re8 10. c4 Be6 11. Rc1 Nd7 12. Nf4 Nf6 13. cxd5 Nxd5 14. Nxe6 fxe6
15. Qb3 Qd7 16. Nc4 h5 17. Rfd1 h4 18. Ne5 Bxe5 19. dxe5 Qg7 20. e4 fxe4 21.
Bxe4 hxg3 22. hxg3 Qxe5 23. Bxg6 Re7 24. Re1 Qg5 25. Be4 Rf8 26. Bg2 Qf6 27. Re2
Kg7 28. Rce1 Rh8 29. Re5 Rf7 30. R1e2 Qh6 31. Rxe6 Qh2+ 32. Kf1 Rhf8 33. f4 Nxf4
34. Qc3+ Kg8 35. gxf4 Rxf4+ 36. Ke1 Qg1+ 37. Kd2 Rd8+ 38. Kc2 Qd1# 0-1

[Event "Titled Tue 20th May Early"]
[Site "chess.com INT"]
[Date "2025.05.20"]
[Round "10"]
[White "Dubnevych, Maksym"]
[Black "Scheglov, Gleb"]
[Result "1-0"]
[WhiteTitle "FM"]
[BlackTitle "FM"]
[WhiteElo "2292"]
[BlackElo "2318"]
[WhiteFideId "14184001"]
[BlackFideId "34356266"]
[EventDate "2025.05.20"]

1. Nc3 e5 2. Nf3 d6 3. d4 exd4 4. Nxd4 Nf6 5. Bg5 Be7 6. e4 Nxe4 7. Nxe4 Bxg5 8.
Qh5 Bf6 9. O-O-O O-O 10. Bd3 g6 11. Nxf6+ Qxf6 12. Qd5 c6 13. Qe4 d5 14. Qe3 Nd7
15. h4 c5 16. Nf3 d4 17. Qh6 Qg7 18. Qg5 h6 19. Qd5 Qf6 20. h5 g5 21. Rde1 Rd8
22. Kb1 Nf8 23. Qxc5 Bg4 24. Nd2 Rac8 25. Ne4 Qg7 26. Qe7 Nd7 27. Nd6 Rb8 28. f3 1-0

[Event "Titled Tue 20th May Early"]
[Site "chess.com INT"]
[Date "2025.05.20"]
[Round "10"]
[White "Naranjo Moreno, Antonio"]
[Black "Begmuratov, Alisher"]
[Result "0-1"]
[WhiteTitle "FM"]
[BlackTitle "FM"]
[WhiteElo "2289"]
[BlackElo "2395"]
[WhiteFideId "2278626"]
[BlackFideId "14203367"]
[EventDate "2025.05.20"]

1. e4 e5 2. Nf3 Nc6 3. Nc3 Nf6 4. d4 exd4 5. Nd5 d6 6. Nxd4 Be7 7. Bf4 O-O 8.
Nb5 Ne8 9. Bd3 a6 10. Nxe7+ Qxe7 11. Nc3 f5 12. Nd5 Qf7 13. O-O fxe4 14. Bxe4
Nf6 15. Nxf6+ Qxf6 16. Be3 Bf5 17. Qd5+ Kh8 18. Bxf5 Qxf5 19. Qxf5 Rxf5 20. c3
Re8 21. Rfe1 Kg8 22. f4 Rf6 23. Kf2 Rfe6 24. Bd2 Kf7 25. Rxe6 Rxe6 26. Re1 Rxe1
27. Bxe1 Ke6 28. Kf3 Kd5 29. b3 b5 30. Bf2 Nd8 31. g4 c5 32. f5 Nf7 33. Bg3 a5
34. h4 a4 35. Ke3 Ne5 36. Bxe5 Kxe5 37. bxa4 bxa4 38. c4 h5 39. Kf3 hxg4+ 40.
Kxg4 d5 41. cxd5 c4 42. Kf3 Kxd5 43. Kf4 Kd4 0-1

[Event "Titled Tue 20th May Early"]
[Site "chess.com INT"]
[Date "2025.05.20"]
[Round "10"]
[White "Dorrance, Adam"]
[Black "Dann, Matthias"]
[Result "0-1"]
[WhiteTitle "FM"]
[BlackTitle "IM"]
[WhiteElo "2301"]
[BlackElo "2446"]
[WhiteFideId "2618567"]
[BlackFideId "24638056"]
[EventDate "2025.05.20"]

1. c4 Nf6 2. Nc3 g6 3. Nf3 Bg7 4. g3 O-O 5. Bg2 d6 6. O-O a6 7. Re1 Nc6 8. e4
Bg4 9. h3 Bxf3 10. Qxf3 Nd4 11. Qd1 Nd7 12. d3 b5 13. Be3 c5 14. Ne2 Nxe2+ 15.
Qxe2 Rb8 16. Rab1 Ne5 17. b3 Nc6 18. Rbd1 Nd4 19. Qd2 a5 20. Kh2 a4 21. bxa4
bxc4 22. dxc4 Rb4 23. Bh6 e5 24. Bxg7 Kxg7 25. f4 Rxc4 26. fxe5 dxe5 27. Qe3
Rxa4 28. Rd2 Qa5 29. Rc1 Rxa2 30. Rxa2 Qxa2 31. Rxc5 Rb8 32. h4 Rb2 0-1

[Event "Titled Tue 20th May Early"]
[Site "chess.com INT"]
[Date "2025.05.20"]
[Round "10"]
[White "Ternault, Mathieu"]
[Black "Kovalevsky, Stanislav"]
[Result "0-1"]
[WhiteTitle "FM"]
[BlackTitle "FM"]
[WhiteElo "2273"]
[BlackElo "2098"]
[WhiteFideId "20641532"]
[BlackFideId "13508598"]
[EventDate "2025.05.20"]

1. d4 d5 2. Nf3 Nf6 3. g3 Bg4 4. Bg2 h5 5. h3 Bxf3 6. Bxf3 h4 7. g4 Ne4 8. c4 e6
9. Nc3 Bb4 10. Bd2 Nxd2 11. Qxd2 c6 12. a3 Be7 13. Qd3 Nd7 14. O-O dxc4 15. Qxc4
Nb6 16. Qd3 Qd6 17. Ne4 Qf4 18. Bg2 f5 19. Nc5 Bd6 20. Rfc1 O-O 21. Nxe6 Qh2+
22. Kf1 fxg4 23. hxg4 Bg3 24. Nxf8 Rxf8 25. Qe3 h3 26. Qxg3 Qxg3 0-1

[Event "Titled Tue 20th May Early"]
[Site "chess.com INT"]
[Date "2025.05.20"]
[Round "10"]
[White "Ostensen, Nicolai Maxime"]
[Black "Badacsonyi, Stanley"]
[Result "1-0"]
[WhiteTitle "FM"]
[BlackTitle "FM"]
[WhiteElo "2283"]
[BlackElo "2289"]
[WhiteFideId "1546970"]
[BlackFideId "486973"]
[EventDate "2025.05.20"]

1. e4 e6 2. d4 d5 3. Nd2 h6 4. e5 c5 5. c3 Nc6 6. Ngf3 Bd7 7. a3 Qb6 8. dxc5
Bxc5 9. Qe2 a5 10. h4 a4 11. g3 Nge7 12. Bh3 d4 13. O-O dxc3 14. bxc3 Na5 15.
Rb1 Nb3 16. Ne4 Qc7 17. Nd6+ Bxd6 18. exd6 Qxd6 19. Rd1 Qa6 20. c4 Bc6 21. Ne5
O-O 22. Bb2 Nf5 23. Bxf5 exf5 24. Qh5 Be4 25. Bc3 Bxb1 26. Rxb1 Rae8 27. Nd7
Qxc4 28. Bb4 Qd3 29. Rd1 Qe4 30. Nxf8 Rxf8 31. Bxf8 Kxf8 32. Rd7 g6 33. Qxh6+
Ke8 34. Rd1 Nd4 35. Qh8+ Ke7 36. Qxd4 1-0

[Event "Titled Tue 20th May Early"]
[Site "chess.com INT"]
[Date "2025.05.20"]
[Round "10"]
[White "Montano Vicente, Guadalupe"]
[Black "Erece, Ece Alkim"]
[Result "0-1"]
[BlackTitle "WCM"]
[WhiteElo "1940"]
[BlackElo "1843"]
[WhiteFideId "5181399"]
[BlackFideId "6346006"]
[EventDate "2025.05.20"]

1. d4 Nf6 2. c4 c5 3. d5 b5 4. cxb5 a6 5. e3 d6 6. Nc3 g6 7. Nf3 Bg7 8. e4 O-O
9. a4 axb5 10. Bxb5 Ba6 11. Qe2 Ne8 12. O-O Nc7 13. Bd2 Nd7 14. Rfe1 Qb8 15.
Bxa6 Rxa6 16. Nb5 Nxb5 17. axb5 Rxa1 18. Rxa1 Bxb2 19. Ra2 Bg7 20. Bg5 Re8 21.
Ra6 Qb7 22. h4 h6 23. Be3 Rb8 24. Qd2 Qxb5 25. Ra7 Kh7 26. h5 Qb1+ 27. Kh2 Nf6
28. hxg6+ fxg6 29. e5 Ng4+ 30. Kg3 Nxe5 31. Rxe7 Kg8 32. Bxh6 Bf6 33. Re6 Kf7
34. Bf4 Qf5 0-1

[Event "Titled Tue 20th May Early"]
[Site "chess.com INT"]
[Date "2025.05.20"]
[Round "10"]
[White "Hungaski, Robert"]
[Black "Yevchenko, Oleksandr"]
[Result "1-0"]
[WhiteTitle "GM"]
[BlackTitle "CM"]
[WhiteElo "2477"]
[BlackElo "2276"]
[WhiteFideId "2021030"]
[BlackFideId "14108267"]
[EventDate "2025.05.20"]

1. h3 e5 2. e3 d5 3. d4 exd4 4. exd4 Nf6 5. Nf3 Bf5 6. c4 Bb4+ 7. Nc3 Qe7+ 8.
Be2 Ne4 9. Bd2 Nxd2 10. Qxd2 dxc4 11. O-O O-O 12. Rfe1 Nd7 13. Nd5 Bxd2 14.
Nxe7+ Kh8 15. Nxd2 Be6 16. Bxc4 Rae8 17. Bxe6 fxe6 18. Rxe6 c6 19. Rae1 Rd8 20.
Nf3 Nf6 21. Nf5 g6 22. Ne3 Nh5 23. Re7 Rb8 24. Ng5 Nf6 25. Ng4 Rfe8 26. Nxf6 1-0

[Event "Titled Tue 20th May Early"]
[Site "chess.com INT"]
[Date "2025.05.20"]
[Round "10"]
[White "Pavlidou, Ekaterini"]
[Black "Fernandes, Rogerio Paulo Muller"]
[Result "1-0"]
[WhiteTitle "WIM"]
[WhiteElo "2198"]
[BlackElo "2241"]
[WhiteFideId "4213262"]
[BlackFideId "2101599"]
[EventDate "2025.05.20"]

1. d4 Nf6 2. c4 c5 3. d5 b5 4. cxb5 a6 5. b6 d6 6. Nc3 g6 7. e4 Bg7 8. Qb3 Bb7
9. a4 a5 10. Bb5+ Nbd7 11. Bc6 Qc8 12. Nf3 O-O 13. Nd2 Rb8 14. Nc4 Bxc6 15. dxc6
Qxc6 16. Nxa5 Qxb6 17. Qxb6 Rxb6 18. Nc4 Ra6 19. f3 Rb8 20. a5 Rb4 21. Ne3 Ne5
22. Ncd5 Nxd5 23. Nxd5 Rb7 24. Bg5 e6 25. Nf6+ Kh8 26. Ne8 Rxb2 27. O-O h6 28.
Be7 Nc4 29. Ra4 Rb4 30. Rxb4 cxb4 31. Rc1 Nxa5 32. Rc8 Rc6 33. Ra8 Nc4 34. Nf6+ 1-0

[Event "Titled Tue 20th May Early"]
[Site "chess.com INT"]
[Date "2025.05.20"]
[Round "10"]
[White "Krzywda, Andrzej"]
[Black "Aarav A"]
[Result "0-1"]
[WhiteTitle "CM"]
[BlackTitle "CM"]
[WhiteElo "2175"]
[BlackElo "2207"]
[WhiteFideId "1114565"]
[BlackFideId "25162748"]
[EventDate "2025.05.20"]

1. e4 c5 2. Nf3 d6 3. d4 cxd4 4. Nxd4 Nf6 5. Nc3 Nc6 6. Bg5 e6 7. Qd2 a6 8.
O-O-O Be7 9. Nxc6 bxc6 10. Bxf6 gxf6 11. f4 Bd7 12. f5 Qa5 13. Kb1 Qe5 14. g3
O-O 15. Bd3 Rab8 16. Rdf1 Rb7 17. b3 d5 18. Qh6 Qxc3 19. Rf4 exf5 20. exf5 Rb4
21. Rhf1 Rfb8 22. Rg1 Bc5 23. Rgf1 Bd6 24. Rh4 Rxh4 25. gxh4 Qd4 26. Rf3 Qg4 27.
Rf1 Be5 28. h5 Kh8 29. a4 Rg8 30. Ka2 Qd4 31. Rb1 Rg1 0-1